000 00832nas a2200277 4500
001 BR0901294
003 BR-BrBNA
005 20231205113159.0
007 ta
008 230509b bl.|||p| |||| 00| 00por d
040 _aBR-BrBNA
_bpor
_cBiblioteca Nacional de Agricultura
041 _a(Pt)
072 _aL50
100 1 _aBassi, C.L.
100 1 _aMello, S.S.
100 1 _aFacchini, A.L.
100 1 _aHojo, E.T.S.
245 1 _aInstabilidade genômica em resposta às lesões no DNA induzidas pela radiação ionizante em células de mamíferos.
650 _aDNA
650 _aRADIAÇÃO IONIZANTE
650 _aCÉLULA
650 _aMAMÍFERO
773 0 _tBioscience Journal (Brazil)
_xISSN 1516-3725
_g(2004), v. 20(1) p. 59-78
_wBR0901294
909 _a202311
_bLúcia
_c55
_dLúcia Elande
942 _2AGRIS
_n0
_cANA
999 _c202322
_d202322